Online
Catalog

La descolonización en África y sus líderes / (Record no. 1100)

MARC details
000 -CABECERA
campo de control de longitud fija 00756nam a2200205 a 4500
001 - NÚMERO DE CONTROL
campo de control 000001147
005 - FECHA Y HORA DE LA ÚLTIMA TRANSACCIÓN
campo de control 20200929145504.0
008 - DATOS DE LONGITUD FIJA--INFORMACIÓN GENERAL
campo de control de longitud fija 930107s1990 cu ac b 000 0 spa
040 ## - FUENTE DE LA CATALOGACIÓN
Centro catalogador/agencia de origen DO-SdBNP
Lengua de catalogación spa
Centro/agencia transcriptor BNPHU
082 ## - NÚMERO DE LA CLASIFICACIÓN DECIMAL DEWEY
Número de clasificación 960
Número de documento/Ítem O63d
100 1# - ENTRADA PRINCIPAL--NOMBRE DE PERSONA
Nombre de persona Oramas, Óscar.
9 (RLIN) 3917
245 13 - MENCIÓN DE TÍTULO
Título La descolonización en África y sus líderes /
Mención de responsabilidad, etc. Óscar Oramas; edición de Delia Ramos.
260 ## - PUBLICACIÓN, DISTRIBUCIÓN, ETC.
Lugar de publicación, distribución, etc. La Habana, Cuba :
Nombre del editor, distribuidor, etc. Política,
Fecha de publicación, distribución, etc. 1990.
300 ## - DESCRIPCIÓN FÍSICA
Extensión 217 p. :
Otras características físicas il., retrs ;
Dimensiones 21 cm.
504 ## - NOTA DE BIBLIOGRAFÍA, ETC.
Nota de bibliografía, etc. Incluye referencias bibliográficas y notas al pie de las páginas.
651 #4 - PUNTO DE ACCESO ADICIONAL DE MATERIA--NOMBRE GEOGRÁFICO
Nombre geográfico Africa
Subdivisión geográfica Descolonización
9 (RLIN) 3918
651 #4 - PUNTO DE ACCESO ADICIONAL DE MATERIA--NOMBRE GEOGRÁFICO
Nombre geográfico Africa
Subdivisión general Política Y Gobierno
Subdivisión cronológica 1945-1960.
9 (RLIN) 3919
651 #4 - PUNTO DE ACCESO ADICIONAL DE MATERIA--NOMBRE GEOGRÁFICO
Nombre geográfico Africa
Subdivisión general Política Y Gobierno
Subdivisión cronológica 1960-
9 (RLIN) 3920
700 1# - PUNTO DE ACCESO ADICIONAL--NOMBRE DE PERSONA
Nombre de persona Ramos, Delia,
Término indicativo de función/relación ed.
9 (RLIN) 3921
Holdings
Estado de retiro Estado de pérdida Restricciones de uso No para préstamo Código de colección Localización permanente Ubicación/localización actual Ubicación en estantería Fecha de adquisición Número de inventario Total de préstamos Signatura topográfica completa Código de barras Fecha visto por última vez Precio válido a partir de Tipo de ítem Koha
    Préstamo interno Préstamo en sala Dominicana de Servicio Biblioteca Nacional Pedro Henríquez Ureña Biblioteca Nacional Pedro Henríquez Ureña Depósito 04.09.2009 LF1   960 O63d 1147-10 25.06.2020 25.06.2020 Libros y folletos

Powered by Koha